Mensaje para una princesa de otro planeta /

Un trompo que gira es mucho más que un trompo. En un trompo que gira hay de todo: tiranosaurios voraces, desiertos inmensos, piratas crueles y bellísimas princesas, ligeramente verdes. El pasado, el presente y el futuro. Todo mezclado en la espiran sin fin de los colores. El que logre subirse al vér...

Descripción completa

Guardado en:
Autor Principal: Chamlian, Regina.
Otros Autores: Taubin, Alejandra; il.
Formato: Libro
Idioma:Undetermined
Publicado: Buenos Aires : Libros del Quirquincho, 1993.
Edición:2a ed.
Materias:
Etiquetas: Agregar Etiqueta
Sin Etiquetas, Sea el primero en etiquetar este registro!
LEADER 01161nam a22002295a 4500
001 CEM.cems020308
008 230804s1993####ag############000#0#und#d
005 20230808181512.0
245 1 0 |a Mensaje para una princesa de otro planeta /  |c Regina Chamlian ; ilustrado por Alejandra Taubin. 
250 |a 2a ed. 
260 |a Buenos Aires :  |b Libros del Quirquincho,  |c 1993. 
300 |a 48 p. 
520 |a Un trompo que gira es mucho más que un trompo. En un trompo que gira hay de todo: tiranosaurios voraces, desiertos inmensos, piratas crueles y bellísimas princesas, ligeramente verdes. El pasado, el presente y el futuro. Todo mezclado en la espiran sin fin de los colores. El que logre subirse al vértigo del trompo podrá vivir, en una sola hora y sin salir de su casa, todas las vidas. 
020 |a 950737848 
100 1 |a Chamlian, Regina. 
700 1 |a Taubin, Alejandra; il. 
653 |a Literatura brasilera 
653 |a Literatura infantil 
653 |a Literatura infantil 
653 |a Narrativa 
859 |a CEMS  |b BIB. CEMS - Inicial y Primaria  |h B863.4  |i C857  |k IP  |p 1173  |t Ej.1 
859 |a CEMS  |b BIB. CEMS - Inicial y Primaria  |h B863.4  |i C857  |k IP  |p 6302  |t Ej.2